000 00616nam a2200181Ia 4500
008 151018s9999 xx 000 0 und d
082 _bRBASDV47758
_a891.433
100 _aनर्मदा इंदूरखा
245 _aसंगठन कि शक्ती
250 _b1
260 _bमुकेश पुस्तक निलय
_c2008
300 _a16
600 _aनर्मदा इंदूरखा
630 _aसंगठन कि शक्ती
700 _aनर्मदा इंदूरखा
730 _aसंगठन कि शक्ती
942 _cBOOK
999 _c1046890
_d1046887